MARC

LEADER 00000nam0a2200000 4500
001 151056
005 20231031150352.0
035 |a (RuTPU)RU\TPU\book\163789 
090 |a 151056 
100 |a 20090119d1950 m y0rusy50 ca 
101 0 |a rus 
102 |a UA 
105 |a a z 001zy 
200 1 |a Литьё в кокиль  |f А. М. Петриченко 
210 |a Киев  |c Машгиз  |d 1950  |a Москва 
215 |a 68 с.  |c ил. 
320 |a Библиогр.: с. 64. 
610 1 |a литье в кокиль 
610 1 |a литье 
610 1 |a чугунные отливки 
610 1 |a стальные отливки 
610 1 |a производство 
610 1 |a стойкость 
610 1 |a металлические формы 
610 1 |a кокили 
675 |a 621.74.043.1  |v 3 
700 1 |a Петриченко  |b А. М. 
801 1 |a RU  |b 63413507  |c 20090119  |g PSBO 
801 2 |a RU  |b 63413507  |c 20100218  |g RCR 
942 |c BK